| 000 | 01212nam a22003137a 4500 | ||
|---|---|---|---|
| 003 | CHAP | ||
| 005 | 20220329134922.0 | ||
| 008 | 971013s1966 r 00010 d | ||
| 010 | _a28063 | ||
| 011 | _a29035 | ||
| 035 | _a33146 | ||
| 040 | _cCHAP | ||
| 082 |
_a634.97325 _bL35 |
||
| 100 | 0 | 0 |
_aLamb, F. Bruce. _964546 |
| 245 |
_aMahogany of tropical America _b: its ecology and management |
||
| 260 |
_aAnn Arbor : _bUniversity of Michigan Press, _c1966 |
||
| 300 |
_a220 p. _b: ilus. |
||
| 590 |
_aBATCH-UPD _b10 _c20130110 _lUCH01 _h2115 |
||
| 590 |
_aCONVERSION _b10 _c20130109 _lUCH01 _h1316 |
||
| 650 | 1 | 4 |
_aCaoba. _918559 |
| 901 | _aBK | ||
| 942 | _cLIBRO | ||
| 949 |
_a634.97325 L35 _bBC _cLIBRO _d33724000238580 _eLIBRO _h15208 _i33146 _si _t104.00 |
||
| 949 |
_a634.97325 L35 _bBC _cLIBRO _d33724000238598 _eLIBRO _fc.2 _h15209 _i33146 _si _t104.00 |
||
| 949 |
_a634.97325 L35 _bBC _cLIBRO _d33724000238606 _eLIBRO _fc.3 _h15210 _i33146 _si _t104.00 |
||
| 949 |
_a634.97325 L35 _bBC _cLIBRO _d33724000238614 _eLIBRO _fc.4 _h15211 _i33146 _si _t104.00 |
||
| 949 |
_a634.97325 L35 _bBC _cLIBRO _d33724000238622 _eLIBRO _fc.6 _h33911 _i33146 _si |
||
| 949 |
_a634.97325 L35 _bBC _cLIBRO _d33724000238630 _eLIBRO _fc.5 _h15212 _i33146 _si _t104.00 |
||
| 999 |
_c28063 _d28063 |
||